000 00689nam a22001937a 4500
005 20251108165414.0
008 250721s1955 xx 000 0 ara d
082 1 4 _aم/928.11/عما
100 1 _aالعماد الأصفهاني، أبو عبد الله عماد الدين محمد
245 1 0 _aخريدة القصر و جريدة العصر /
264 1 _aبغداد :
_bمطبعة المجمع العلمي العراقي،
_c1955.
650 1 7 _aالأدباء
650 1 7 _aالتراجم
650 1 7 _aالشعراء العرب
700 1 _aالأثري، محمد بهجت
_eتحقيق
700 1 _aسعيد، جميل
_eتحقيق
942 _2ddc
_cREF
999 _c27147
_d27147